Регионална библиотека "Любен Каравелов" - Русе

Социалистическа организация на труда в селското стопанство (Запис номер 482781)

MARC детайли
000 -Лидер
Контролно поле с фиксирана дължина nam a22 7a 4500
003 - Код на организацията, давaща контролен номер
Контролно поле BLK
005 - Дата и час на последна редакция
Контролно поле 20221208031334.0
008 - Елементи от данни с фиксирана дължина
fixed length control field 200409b bu ||||| |||| 00| 0 bu d
040 ## - Източник на каталожния запис
Идентификатор на билиотеката - собственик на записа BLK
041 ## - Код за език
Код за езика на текст/звукозапис или на отделно заглавие Български
Код за езика КДБФ Български
080 ## - УДК
Текстов определител УДК Работна сила. Кадри. Производствени взаимоотношения. Трудови условия. - В селскостопанското производство
УДК код - определител по УДК 631.15:658.3
УДК определител (048.8)
УДК - код + определител 631.15:658.3(048.8)
245 ## - Сведения за заглавието
Заглавие Социалистическа организация на труда в селското стопанство
Подзаглавни данни [Учебник] за системата на парт. просв. и икон. образование
Редно поле (дума) Ив. Грозев и др. ; състав. и отг. ред. Иван Грозев.
257 ## - Страна на издаване
Страна на създаване/издаване България
260 ## - Област на издателските данни
9 (RLIN) 211414
Име на издателя, разпространителя и проч. Партиздат
Година на издаване 1979
Издателство - префикс ISBN 954-8639-
Печатница (В. Търново : Д. Найденов)
300 ## - Физическа характеристика
Страници 351 с.
Размери/Мащаб 20 см
380 ## - Жанр
Жанр Селско стопанство
490 ## - СЕРИИ (Колекции)
9 (RLIN) 205510
Име на серия За системата на икономическото образование
500 ## - Общи забележки
Забележка Други авт. : Н. Андреев, В. Ангелова, П. Петков, Хр. Савов, К. Ганчев, М. Пеев, М. Рангелова, Н. Седефчев, Й. Капитански, Б. Боюклиев, Ив. Кънчев, отбелязани на гърба на загл. с<br/>Библиогр. под линия
650 #0 - Допълнително описание по предмет – тема
9 (RLIN) 252221
Основно описание – тема или топоним Организация на труда
653 #7 - Ключова дума – ненормативна
9 (RLIN) 196408
Ключова дума селско стопанство
700 ## - Други автори (авторска отговорност)
Лично име Грозев, Иван
Автороска отговорност (Описва отношението между автора и произведението) съавт.
9 (RLIN) 1445
852 ## - Местоположение
Форматна сигнатура Цб 100432
Фондова буква Хранилище
856 ## - Електронен адрес и достъп
Инструкция (цена за достъп) 0.00
Права за достъп disable
999 ## - СИСТЕМНИ КОНТРОЛНИ НОМЕРА
Koha biblionumber 482781
Koha biblioitemnumber 482781
942 ## - АРТИКУЛИ
Вид на библиотечния материал Книги
Скрит в OPAC Не
Периодичен библиозапис Да
944 ## - СЪЗДАВАНЕ И РЕДАКЦИЯ на ЗАПИСА
Създаване/Редакция Създаване
Дата на регистрацията/редакция 2022-11-30
Служител, извършил регистрацията/редакцията ир
Наличности
Код за отписване Код за изгубен артикул Източник на класификационната схема Код за повреда Коз за рестрикции Код за отдаване Артикулен № Име на библиотеката - собственик Име на библиотеката, в която се намира в момента Статус (Текущо местоположение) Дата на вписване в системата Местоположение - отдел Цена в лева Инвентарен номер Систематично азбучна сигнатура Баркод Цена в евро Служебен тип на артикула
  Не е изгубен Universal Decimal Classification Не е повреден само за читалня ползва се в читалня 914898 Регионална библиотека "Любен Каравелов" Русе Регионална библиотека "Любен Каравелов" Русе Хранилище 2022-12-02 Хранилище 1.06 291872 Цб 100432 120000291872 0.54 Книги
Vip Innovations Ltd, Rousse, Bulgaria 2025